1247 1891 1390 1461 1768 1563 1712 1967 1141 1428 1586 1952 1180 1398 1292 1753 1778 1161 1240 1690 1661 1017 1078 1209 1278 1734 1643 1396 1110 1598 1280 1943 1994 1226 1726 1241 1169 1758 1243 1468 1604 1386 1888 1069 1577 1401 1017 1915 1447 1245 1057 1559 1745 1476 1283 1510 1146 1133 1678 1032 1871 1111 1778 1901 1167 1397 1631 1453 1273 1363 1873 1444 1769 1054 1782 1701 1521 1542 1840 1523 1587 1233 1877 1593 1615 1707 1830 1507 1730 1044 1649 1164 1559 1468 1148 1406 1912 1953 1325 BCNSPRNW ULIB Ver.6.0+V

เปลี่ยนเป็นภาษาไทย

Change to English
 แสดงรายละเอียดบรรณานุกรม
  กลับหน้าหลัก

Brief Record : Get Marc (ISO 2709) : E-mail record : QR code < ปิดหน้าต่าง
LEADER : 00000nam 2200000uu 4500
001    13399112066
003     ULIB
008    110627s2553||||th 000 0 tha d
020    9786169000983
090    นว.^bค953ส 2553
100 0  โคม รัตติกาล
245 00 สืบ/ค้น/วิญญาณ/^cโคม รัตติกาล
250    พิมพ์ครั้งที่ 1
260    กรุงเทพฯ :^bพิมพ์ใจ,^c2553
300    188 หน้า
710 1  พิมพ์ใจ
945    ^p139^l0^i028098
995    ทศพร
999 ^a ใช้งานได้ทุกระบบ
รายการนี้ยังไม่มีแท็ก
คุณยังไม่ได้ล็อกอิน คุณสามารถมีกิจกรรมร่วมกับเว็บไซต์ได้ แต่ต้องล็อกอินก่อน ::
  ล็อกอิน

รายการสื่อสารสนเทศ

ลำดับที่ ประเภท เลขเรียก/บาร์โค้ด สถานที่ สถานะ
- ไม่พบข้อมูล -

BibComment


ยังไม่เคยถูกคอมเมนท์

คอมเมนท์ทรัพยากรรายการนี้
  คอมเมนท์: สืบค้นวิญญาณ โคม ..


 Copyright 2026. Bcnsprnw @Library